| 000 | 00785cam a2200265 i 4500 | ||
|---|---|---|---|
| 001 | 29522 | ||
| 003 | BD-RjUL | ||
| 005 | 20211209051425.0 | ||
| 008 | 140403s1977 enka b 001 0 eng | ||
| 020 | _a0126092201X (v. 1) | ||
| 035 | _a(BD-RjUL)29607 | ||
| 040 |
_aDLC _cDLC _dDLC _dBD-RjUL _beng |
||
| 041 | _aeng | ||
| 082 | 0 | 0 |
_a155.8 _bSTU V-3 1977 |
| 245 | 0 | 0 |
_aStudies in cross-cultural psychology / _cedited by Neil Warren. _nVolume 1. |
| 260 |
_aLondon ; _aNew York : _bAcademic Press, _c1977-1980. |
||
| 300 |
_a2 v. : _bill. ; _c24 cm. |
||
| 504 | _aIncludes bibliographies and indexes. | ||
| 650 | 0 |
_aPsychology. _989984 |
|
| 650 | 0 |
_aEthnopsychology. _95430 |
|
| 700 | 1 |
_aWarren, Neil, _d1905- _989985 |
|
| 942 |
_2ddc _cBK |
||
| 999 |
_c29522 _d29522 |
||